Príspevok k ultra nízkonapäťovým a nízkopríkonovým systémom na čipe

Salvato in:
Dettagli Bibliografici
Autore principale: Nagy, Lukáš (Autore)
Altri autori: (Relatore della tesi)
Natura: Manoscritto Libro
Lingua:slovacco
Pubblicazione: Bratislava : STU v Bratislave FEI, 2024
Soggetti:
Accesso online:https://opac.crzp.sk/?fn=detailBiblioFormChildAQFVG&sid=87CC35C1615C5C99262F24CACBD4&seo=CRZP-detail-kniha
Tags: Aggiungi Tag
Nessun Tag, puoi essere il primo ad aggiungerne!!

MARC

LEADER 00000ntm a22000003a 4500
001 stuzp101189
003 SK-STU
005 20260120134519.6
007 ta
008 150427s2015----xo-----f-mn---000-0-slo-d
040 |a STU  |b slo 
041 0 |a slo 
044 |a xo 
100 1 |a Nagy, Lukáš  |u 030690  |k Z1  |4 aut  |U FEI Fakulta elektrotechniky a informatiky  |T FEI Stredisko pre projekty a spoluprácu s praxou  |X 12020  |U 030690  |Y 387  |7 A000012020 
242 0 1 |a The contribution to ultra low-voltage and low-power Systems-on-Chip  |y eng 
245 1 0 |a Príspevok k ultra nízkonapäťovým a nízkopríkonovým systémom na čipe 
260 |a Bratislava :  |b STU v Bratislave FEI,  |c 2024 
300 |a 78 s. 
650 4 |a ultra low-power  |2 eng 
650 4 |a ultra low-voltage  |2 eng 
650 4 |a bulk-driven  |2 eng 
650 4 |a ultra nízky príkon  |2 slo 
650 4 |a ultra nízke napájanie  |2 slo 
650 4 |a riadenie substrátovou elektródou  |2 slo 
700 1 |a ,  |4 ths  |X null  |7 null 
856 4 |u https://opac.crzp.sk/?fn=detailBiblioFormChildAQFVG&sid=87CC35C1615C5C99262F24CACBD4&seo=CRZP-detail-kniha 
996 |b 284ED01700  |c E*ZP- 641  |l EE01  |s A  |a 24  |w stuzp101189_0001